000 00358nam a2200145Ia 4500
005 20250627030847.0
008 240331s9999 xx 000 0 und d
082 _bMUK
_a891
100 _aMukaweti, A
245 0 _aKusajathaka kawyaya
260 _aNugegoda
_bM.D.G.unasena & Co
_c1961
300 _a151 p .,
500 _aThe poem " Kusa Jataka"
942 _cL
999 _c5357
_d5357